000 00707nam a2200253 a 4500
001 BRL_460
005 20190320210742.0
008 160813s1967----mx-a######---#000-0#spa-#
041 _aspa
044 _amx
050 4 _aF1219.3.C2
_b.S24 1967
100 1 _aSaenz, Cesar A.
_d1916-
_923985
245 1 0 _aEl Fuego Nuevo
_cCésar A. Sáenz.
260 _aMéxico
_bInstituto Nacional de Antropología e Historia
_c1967
300 _a51 p.
_bil.
_c22 cm.
440 0 _aSerie Historia
_v18
_923986
500 _aAu461
500 _aEjemplar intonso.
500 _aBibliografia: p 49-51.
650 1 4 _aCalendario
_zMéxico
_923987
651 4 _aXochicalco, México
_923988
902 _aGRL
942 _2lcc
_cB
999 _c9272
_d9272